000 00761cam a22002411 4500
001 0000003508
005 20170406115059.0
008 751016s1961 xx 000 0 eng
010 _a 61010578
035 _9(DLC) 61010578
035 _a(OCoLC)1708329
040 _aDLC
_cPCoR
_dOCoLC
_dDLC
050 0 0 _aPE1417
_b.L4
082 0 _a808
100 1 _aLee, Donald Woodward,
_d1910-,
_ecomp.
245 1 0 _aUsing prose :
_breadings for college composition /
_c[edited by] Donald W. Lee [and] William T. Moynihan.
260 _aNew York :
_bDodd, Mead,
_c1961.
300 _a620 p. ;
_c24 cm.
650 0 _aEnglish language
_xRhetoric.
650 0 _aAmerican prose literature.
700 1 _aMoynihan, William T.,
_ejoint ed.
908 _a140619
999 _c3383
_d3383